000 00458pab a2200157 454500
008 180718b2001 xxu||||| |||| 00| 0 eng d
100 _aSheela, J.
245 _aFactors influencing the time taken to initiate women's marriage after menarche in Tamil Nadu
260 _c2001
300 _ap.115-25
650 _aWomen - India - Tamil Nadu
650 _aMarriage - India - Tamil Nadu
650 _aMarriage
773 _aDemography India
909 _a51526
999 _c51526
_d51526